Statistics for Istanbul Metro Quiz

Click here to take the quiz!

General Stats

  • This quiz has been taken 257 times
  • The average score is 122 of 326

Answer Stats

LineStation% Correct
F1 | M2 | T2Taksim
82%
M5 | Marmaray/B1Üsküdar
77%
M4Kadıköy
75%
M1A | M1B | M2 | Marmaray/B1Yenikapı
75%
MetrobüsBayrampaşa - Maltepe - Koç Üniversitesi Hastanesi
74%
M2 | M6Levent
69%
M7 | MetrobüsMecidiyeköy
68%
M2Şişli - Mecidiyeköy
68%
Marmaray/B1Gebze
67%
Marmaray/B1 | T1Sirkeci
67%
Marmaray/B1Gebze Teknik Üniversitesi - Fatih
66%
M2Hacıosman
66%
M2Haliç
66%
F1 | T1Kabataş
64%
M4 | Marmaray/B1Kartal
64%
M4 | Marmaray/B1Maltepe
64%
M4 | Marmaray/B1Pendik
63%
M2Şişhane - Zemin İstanbul
63%
M4 | M8 | Marmaray/B1Bostancı
62%
M1A | Metrobüs | T1Zeytinburnu
62%
Marmaray/B1Zeytinburnu - Fişekhane
62%
M4 | Marmaray/B1Ayrılık Çeşmesi
61%
T1Bağcılar
61%
Marmaray/B1Bakırköy
61%
B2 | Marmaray/B1Halkalı
61%
M2Osmanbey
61%
Marmaray/B1 | MetrobüsSöğütlüçeşme
61%
M24. Levent
60%
M1ABakırköy - İncirli
60%
T1Eminönü
60%
M4 | Marmaray/B1Göztepe
60%
M4Sabiha Gökçen Havalimanı
60%
T4Topkapı
60%
MetrobüsTopkapı - Şehit Mustafa Cambaz
60%
M1A | M1BTopkapı - Ulubatlı
60%
M1AAtaköy - Şirinevler
59%
M5Ümraniye
59%
M1AAtatürk Havalimanı
58%
M2Gayrettepe
58%
F2 | T1Karaköy
58%
M1A | M1B | T1Aksaray
57%
M6Boğaziçi Üniversitesi - Hisarüstü
57%
F4Boğaziçi Üniversitesi - Hisarüstü
56%
MetrobüsBeylikdüzü
55%
Marmaray/B1Ataköy
54%
M1A | M1BBayrampaşa - Maltepe
54%
M11 | M7Kağıthane
54%
F3 | M2 - ShuttleSeyrantepe
54%
M2Vezneciler - İstanbul Üniversitesi
54%
M5Çekmeköy
53%
Marmaray/B1Cevizli
53%
T5Fener
53%
M4 | MetrobüsAcıbadem
52%
M7Yıldız
52%
M2İTÜ - Ayazağa
51%
M2Atatürk Oto Sanayi
50%
Marmaray/B1Başak
50%
M1BEsenler
50%
M11İstanbul Havalimanı
50%
M1A | M1BOtogar
50%
M2 | M2 - ShuttleSanayi Mahallesi
50%
T1Sultanahmet
49%
M2Darüşşafaka
48%
M1B | M3Kirazlı - Bağcılar
48%
M1A | MetrobüsMerter
48%
Marmaray/B1Tuzla
48%
M5 | MetrobüsAltunizade
47%
M7 | MetrobüsÇağlayan
47%
Marmaray/B1 | MetrobüsFlorya
47%
M7Alibeyköy
46%
T5Alibeyköy Merkez
46%
MetrobüsAvcılar Merkez Üniversitesi Kampüsü
46%
M3 | M7Mahmutbey
46%
M6Etiler
45%
Marmaray/B1 | MetrobüsKüçükçekmece
45%
M1A | M1B | T4Sağmalcılar
45%
M4Ünalan
45%
M1A | MetrobüsBahçelievler
44%
M4 | M8Kozyatağı
44%
Marmaray/B1Feneryolu
43%
T1Gülhane
42%
T1Beyazıt - Kapalıçarşı
41%
MetrobüsCevizlibağ
41%
T1Cevizlibağ - AÖY
41%
M5 | M8Dudullu
41%
Marmaray/B1Erenköy
41%
M7Fulya
41%
M1A | M1BKocatepe
41%
M4Kurtköy
41%
M6Nispetiye
41%
M4Tavşantepe
41%
M1A | MetrobüsYenibosna
41%
M3 | M7 | Marmaray/B1 | T4Yenimahalle
41%
MetrobüsZincirlikuyu
41%
M1ADavutpaşa - YTÜ
40%
TF2Eyüp
40%
M11Göktürk
40%
M9Olimpiyat
40%
Marmaray/B1Suadiye
40%
T1Tophane
40%
M4 | Marmaray/B1Küçükyalı
39%
T1Soğanlı
39%
Metrobüs15 Temmuz Şehitler Köprüsü
38%
TF1Maçka
38%
Marmaray/B1Süreyya Plajı
38%
M1A | M1BEmniyet - Fatih
37%
M8Huzur
37%
Marmaray/B1Yeşilköy
37%
Marmaray/B1Kazlıçeşme
36%
T1Laleli - İstanbul Üniversitesi
36%
M4Yenisahra
36%
Metrobüs | T4Edirnekapı
35%
T1Fındıklı - Mimar Sinan Üniversitesi
35%
M1BBağcılar Meydan
34%
F2Beyoğlu
34%
T1Çemberlitaş
34%
M1ADTM - İstanbul Fuar Merkezi
34%
MetrobüsFikirtepe
33%
M4Huzurevi
33%
Marmaray/B1Mustafa Kemal
33%
M9 | T3Bahariye
32%
B2Bahçeşehir
32%
Marmaray/B1Darıca
32%
Marmaray/B1Florya Akvaryum
32%
M4Gülsuyu
32%
M5İmam Hatip Lisesi
32%
T4Karadeniz
32%
M5Kısıklı
32%
M1ATerazidere
32%
T2Tünel
32%
MetrobüsUzunçayır
32%
M5Bağlarbaşı
31%
T5Balat
31%
M5Bulgurlu
31%
M11Kargo Terminali
31%
MetrobüsŞirinevler
31%
F4Aşiyan
30%
MetrobüsBurhaniye
30%
M5 | T3Çarşı
30%
M4Esenkent
30%
M5Fıstıkağacı
30%
T1Güngören
30%
Marmaray/B1İdealtepe
30%
M3İSTOÇ
30%
M1BMenderes
30%
TF2Piyer Loti
30%
MetrobüsBeylikdüzü Son Durak
29%
T5Cibali
29%
M11Hasdal
29%
Metrobüsİncirli
29%
M11Kemerburgaz
29%
M9MASKO
29%
MetrobüsOkmeydanı
29%
M7Çırçır
28%
T1Fındıkzade
28%
M4Hastane - Adliye
28%
T4Mescid-i Selam
28%
M1BÜçyüzlü
28%
M7Veysel Karani - Akşemsettin
28%
M4Yakacık - Adnan Kahveci
28%
Marmaray/B1Yeşilyurt
28%
Marmaray/B1Yunus
28%
T5Ayvansaray
27%
MetrobüsAyvansaray - Eyüpsultan
27%
T1Haseki
27%
M7Karadeniz Mahallesi
27%
M8Parseller
27%
T5Alibeyköy Cep Otogarı
26%
MetrobüsDarülacaze - PERPA
26%
Marmaray/B1İçmeler
26%
T1Yusufpaşa
26%
M3Başak Konutları
25%
M5Çakmak
25%
T1Çapa - Şehremini
25%
M4Fevzi Çakmak - Hastane
25%
MetrobüsHalıcıoğlu
25%
M3 | M9İkitelli Sanayi
25%
M3Kayaşehir Merkez
25%
M5Necip Fazıl
25%
M4Soğanlık
25%
T4Vatan
25%
M7Nurtepe
24%
T4Rami
24%
M3Şehir Hastanesi
24%
TF1Taşkışla
24%
M3Başakşehir - Metrokent
23%
MetrobüsCennet Mahallesi
23%
M8İçerenköy
23%
M8İMES
23%
MetrobüsSefaköy
23%
F3Vadistanbul
23%
M4Yayalar - Şeyhli
23%
M5Altınşehir
22%
Marmaray/B1Atalar
22%
M8Ayşekadın
22%
Marmaray/B1Çayırova
22%
Marmaray/B1Kaynarca
22%
M8Küçükbakkalköy
22%
Marmaray/B1Tersane
22%
M5Yamanevler
22%
MetrobüsBeşyol
21%
M7Kazım Karabekir
21%
MetrobüsOkmeydanı Hastane
21%
M9Ziya Gökalp Mahallesi
21%
M8Emin Ali Paşa
20%
Marmaray/B1Güzelyalı
20%
M5Ihlamurkuyu
20%
M11İhsaniye
20%
MetrobüsBeylikdüzü Belediye
19%
Metrobüs | T4Cumhuriyet Mahallesi
19%
M8Mevlana
19%
T1Pazartekke
19%
T2Galatasaray Lisesi
18%
T4Şehitlik
18%
T1Seyit Nizam - Akşemsettin
18%
MetrobüsCihangir - Üniversite Mahallesi
17%
MetrobüsHaramidere
17%
M8MODOKO - KEYAP
17%
M3Onurkent
17%
M7Oruç Reis
17%
M7Tekstilkent - Giyimkent
17%
M3Toplu Konutlar
17%
MetrobüsBüyükşehir Belediyesi Sosyal Tesisleri
16%
M8Kayışdağı
16%
T1Mehmet Akif
16%
T1Mithatpaşa
16%
M7Yeşilpınar
16%
MetrobüsMustafa Kemal Paşa
15%
Marmaray/B1Osmangazi
15%
T5Alibeyköy Metro
14%
T4Ali Fuat Başgil
14%
Marmaray/B1Aydıntepe
14%
T4Cebeci
14%
T4Fetihkapı
14%
M7Göztepe Mahallesi
14%
MetrobüsHaramidere Sanayi
14%
T4KİPTAŞ - Venezia
14%
T1Merkezefendi
14%
MetrobüsŞükrübey
14%
T4Sultançiftliği
14%
MetrobüsGüzelyurt
13%
T3Kilise
13%
M3Siteler
13%
T4Topçular
13%
T5Üniversite
13%
T4Demirkapı
12%
T5Eyüpsultan Devlet Hastanesi
12%
T3Moda İlkokulu
12%
M3Turgut Özal
12%
T4Uluyol Bereç
12%
T1Akıncılar
11%
T5Eyüpsultan Teleferik
11%
T3Kadıköy İDO
11%
T2Odakule
11%
T4Taşköprü
11%
T4Bosna Çukurçeşme
10%
T5Feshane
10%
MetrobüsSaadetdere Mahallesi
10%
T4Hacı Şükrü
9%
T1Yavuzselim
9%
T1Güneştepe
8%
T3Moda Caddesi
8%
T450. Yıl - Baştabya
7%
T3Altıyol
7%
T3İskele Cami
7%
T3Mühürdar
6%
T3Damga Sokak
5%
T1Merter Teksil Merkezi
5%
T5Silahtarağa Mahallesi
5%
T2Hüseyin Ağa Camii
4%
T3Rızapaşa
3%

Score Distribution

Percentile by Number Answered

Percent of People with Each Score

Your Score History

You have not taken this quiz